[Event "37th World U20 ch"]
[Site "Kozhikode IND"]
[Date "1998.11.17"]
[Round "1.1"]
[White "Bakre, Tejas"]
[Black "Dao Thien Hai"]
[Result "0-1"]
[WhiteElo "2290"]
[BlackElo "2580"]
[EventDate "1998.11.17"]
[PlyCount "65"]

1.e4 c5 2.Nf3 d6 3.d4 cxd4 4.Nxd4 Nf6 5.Nc3 a6 6.Be3 Qc7 7.Be2 e6 8.O-O b5
9.a3 Bb7 10.Bd3 Nbd7 11.f4 Be7 12.Qe2 O-O 13.Rae1 Rac8 14.Kh1 Nb6 15.Bg1 
Nfd7 16.Rf3 Nc4 17.Nd1 g6 18.Rh3 e5 19.fxe5 dxe5 20.Nf3 Rfe8 21.c3 Nf8 22.
Be3 Ne6 23.Bc1 Rcd8 24.a4 Bc8 25.axb5 axb5 26.Bxc4 bxc4 27.Nf2 Nf4 28.Bxf4
exf4 29.g4 Bc5 30.Ng5 Qe7 31.Nxh7 Kg7 32.e5 Bb7+ 33.Kg1 0-1

[Event "37th World U20 ch"]
[Site "Kozhikode IND"]
[Date "1998.11.17"]
[Round "1.2"]
[White "Zhang Zhong"]
[Black "Abbasov, Farid"]
[Result "1-0"]
[WhiteElo "2510"]
[BlackElo "2290"]
[EventDate "1998.11.17"]
[PlyCount "92"]

1.e4 c6 2.c4 g6 3.Nc3 Bg7 4.f4 d6 5.d4 Nf6 6.Nf3 O-O 7.Be2 Na6 8.O-O Nc7 
9.Kh1 Rb8 10.a4 a5 11.Be3 d5 12.e5 Ng4 13.Bg1 dxc4 14.Nd2 Nh6 15.Nxc4 b6 
16.Rc1 Be6 17.Qd2 Qd7 18.Rfd1 Rfd8 19.Qc2 Bd5 20.Ne3 Ne6 21.Ncxd5 cxd5 22.
Bb5 Qa7 23.f5 Ng5 24.Rf1 e6 25.f6 Bf8 26.g4 Ne4 27.Bd3 Qd7 28.Bb5 Qa7 29.
Rfd1 Bb4 30.Qc7 Qa8 31.Qc2 Rbc8 32.Qg2 Rxc1 33.Rxc1 Rc8 34.Rc2 Qb8 35.Bd3 
Rxc2 36.Nxc2 Bf8 37.Be3 Kh8 38.h3 Qb7 39.Kg1 Ng8 40.g5 Qc6 41.Bb5 Qc8 42.
h4 Ng3 43.Qxg3 Qxc2 44.Qf2 Qxf2+ 45.Kxf2 Ne7 46.fxe7 Bxe7 1-0

[Event "37th World U20 ch"]
[Site "Kozhikode IND"]
[Date "1998.11.17"]
[Round "1.3"]
[White "Kidambi, Sundararajan"]
[Black "Kobalia, Mikhail"]
[Result "1-0"]
[WhiteElo "2285"]
[BlackElo "2505"]
[EventDate "1998.11.17"]
[PlyCount "116"]

1.b3 d5 2.Bb2 Bg4 3.h3 Bh5 4.Nf3 Nd7 5.e3 Ngf6 6.Be2 e6 7.O-O Bd6 8.d4 Ne4
9.Nfd2 Bxe2 10.Qxe2 Nxd2 11.Nxd2 f5 12.Nf3 O-O 13.Ne5 Nf6 14.c4 c6 15.c5 
Bc7 16.b4 a6 17.a4 Qe8 18.b5 cxb5 19.c6 bxc6 20.Ba3 Bxe5 21.dxe5 Nd7 22.
Bxf8 Qxf8 23.axb5 cxb5 24.Qb2 Nb6 25.Rfb1 Nc4 26.Qb4 Qd8 27.Qc5 Nxe5 28.
Ra2 Qd7 29.Rba1 Rc8 30.Qb6 Nc4 31.Qxa6 Rb8 32.Qa7 Qxa7 33.Rxa7 b4 34.Ra8 
Rxa8 35.Rxa8+ Kf7 36.Rb8 g5 37.Rxb4 h5 38.Kf1 Nd2+ 39.Ke2 Ne4 40.h4 g4 41.
f3 gxf3+ 42.gxf3 Nd6 43.Rb6 Nc4 44.Rb7+ Kf6 45.f4 Nd6 46.Ra7 Nf7 47.Kd3 
Nh6 48.Kd4 Ng4 49.Rh7 Kg6 50.Rh8 Nh2 51.Ke5 d4 52.exd4 Nf3+ 53.Kxe6 Nxd4+ 
54.Kd5 Nf3 55.Ra8 Nxh4 56.Ra6+ Kh7 57.Ke5 Kg7 58.Ra3 Kh6 1-0

[Event "37th World U20 ch"]
[Site "Kozhikode IND"]
[Date "1998.11.17"]
[Round "1.4"]
[White "Banikas, Hristos"]
[Black "Panchanathan, Magesh Chandran"]
[Result "1-0"]
[WhiteElo "2490"]
[BlackElo "2280"]
[EventDate "1998.11.17"]
[PlyCount "68"]

1.d4 Nf6 2.c4 d6 3.Nc3 Nbd7 4.Nf3 e5 5.Bg5 Be7 6.e3 O-O 7.Qc2 c6 8.O-O-O 
Qc7 9.g4 Re8 10.Bxf6 Bxf6 11.g5 Be7 12.h4 Nf8 13.dxe5 dxe5 14.Ne4 Bg4 15.
Be2 Rad8 16.Rdg1 Bxf3 17.Bxf3 Ne6 18.Nf6+ Bxf6 19.gxf6 Qa5 20.a3 Rd6 21.
fxg7 Red8 22.Rd1 Rxd1+ 23.Bxd1 Nc5 24.Rg1 e4 25.Kb1 Rd2 26.Bh5 Rd7 27.b4 
Qb6 28.Qb2 Nd3 29.Qf6 Qc7 30.Qf5 Rd8 31.Qxe4 Qe5 32.Qxd3 Rxd3 33.Bxf7+ 
Kxf7 34.g8=Q+ Kf6 1-0

[Event "37th World U20 ch"]
[Site "Kozhikode IND"]
[Date "1998.11.17"]
[Round "1.5"]
[White "Saurabh, Kherdekar"]
[Black "Nataf, Igor-Alexandre"]
[Result "1/2-1/2"]
[WhiteElo "2265"]
[BlackElo "2485"]
[EventDate "1998.11.17"]
[PlyCount "58"]

1.d4 g6 2.c4 Nf6 3.Nc3 Bg7 4.e4 d6 5.f3 O-O 6.Bg5 c5 7.d5 e6 8.Qd2 exd5 9.
cxd5 a6 10.a4 h6 11.Be3 Nh7 12.Nge2 Nd7 13.Nc1 Ne5 14.Be2 h5 15.O-O f5 16.
f4 Ng4 17.Bxg4 hxg4 18.e5 dxe5 19.Nd3 exf4 20.Bxc5 g5 21.Rae1 Rf6 22.Be7 
Qb6+ 23.Bc5 Qd8 24.Be7 Qc7 25.Bxf6 Bxf6 26.Re8+ Kf7 27.Rfe1 Nf8 28.Kh1 Ng6
29.d6 Qxd6 1/2-1/2

[Event "37th World U20 ch"]
[Site "Kozhikode IND"]
[Date "1998.11.17"]
[Round "1.6"]
[White "Socko, Bartosz"]
[Black "Janz, Frerik"]
[Result "1-0"]
[WhiteElo "2475"]
[BlackElo "2240"]
[EventDate "1998.11.17"]
[PlyCount "37"]

1.e4 c6 2.d4 d5 3.Nd2 dxe4 4.Nxe4 Bf5 5.Ng3 Bg6 6.Nh3 Nf6 7.Nf4 e5 8.Nxg6 
hxg6 9.dxe5 Qa5+ 10.Bd2 Qxe5+ 11.Qe2 Qxe2+ 12.Bxe2 Nbd7 13.O-O Bc5 14.b4 
Bd6 15.c4 Ne4 16.Be1 Be5 17.Rc1 c5 18.Bf3 Ndf6 19.Bxe4 1-0

[Event "37th World U20 ch"]
[Site "Kozhikode IND"]
[Date "1998.11.17"]
[Round "1.7"]
[White "Grotz, Harald"]
[Black "Sasikiran, Krishnan"]
[Result "0-1"]
[WhiteElo "2225"]
[BlackElo "2470"]
[EventDate "1998.11.17"]
[PlyCount "76"]

1.e4 c5 2.Nf3 d6 3.d4 cxd4 4.Nxd4 Nf6 5.Nc3 e6 6.Be3 a6 7.a4 Qc7 8.Be2 b6 
9.f4 Bb7 10.Bf3 Nbd7 11.O-O Rc8 12.Kh1 Be7 13.Qe1 O-O 14.Qg3 Nc5 15.f5 e5 
16.Bh6 Ne8 17.f6 Bxf6 18.Nf5 Kh8 19.Bc1 Ne6 20.Nd5 Bxd5 21.exd5 Nf4 22.
Bxf4 exf4 23.Qxf4 Be5 24.Qh4 g6 25.Nd4 Ng7 26.c3 Rce8 27.Qf2 Bxd4 28.Qxd4 
Re5 29.a5 bxa5 30.Qa4 Rb8 31.Qxa5 Qxa5 32.Rxa5 Rxb2 33.Rxa6 Nf5 34.Ra7 Kg7
35.Rfa1 Rc2 36.Rc7 Nh4 37.Bg4 Ra2 38.Rb1 Rxg2 0-1

[Event "37th World U20 ch"]
[Site "Kozhikode IND"]
[Date "1998.11.17"]
[Round "1.8"]
[White "Soln, Primoz"]
[Black "Laxman, Rajaram"]
[Result "0-1"]
[WhiteElo "2470"]
[BlackElo "2225"]
[EventDate "1998.11.17"]
[PlyCount "71"]

1.d4 g6 2.c4 Bg7 3.e4 d6 4.Nc3 e5 5.d5 Nf6 6.Bd3 Na6 7.Nge2 O-O 8.O-O c6 
9.a3 cxd5 10.cxd5 Nh5 11.Be3 f5 12.exf5 gxf5 13.f3 Nc7 14.Qc2 Nf6 15.Bg5 
Qd7 16.Rad1 f4 17.Bxf6 Bxf6 18.Ne4 Bd8 19.g4 Ne8 20.N2c3 Bb6+ 21.Kh1 Qe7 
22.Qg2 Bd7 23.Qh3 Rf7 24.Qh6 Qf8 25.Qh5 Rg7 26.g5 Qf7 27.Qh6 Rg6 28.Qh4 
Kh8 29.Rd2 Bf5 30.Rg2 Rc8 31.Rd1 a6 32.Bb1 Bd4 33.Ne2 Be3 34.N2c3 Bd4 35.
Rxd4 exd4 36.Ne2 0-1

[Event "37th World U20 ch"]
[Site "Kozhikode IND"]
[Date "1998.11.17"]
[Round "1.9"]
[White "Radovanovic, Dusan"]
[Black "Fressinet, Laurent"]
[Result "0-1"]
[WhiteElo "2225"]
[BlackElo "2455"]
[EventDate "1998.11.17"]
[PlyCount "74"]

1.e4 c6 2.d4 d5 3.e5 c5 4.dxc5 e6 5.Nf3 Nc6 6.Bd3 Bxc5 7.O-O Nge7 8.Nbd2 
Ng6 9.Nb3 Be7 10.Re1 O-O 11.c3 Qc7 12.Nbd4 Bd7 13.Qe2 Rfe8 14.h4 Nf8 15.g3
f5 16.Bg5 a6 17.h5 h6 18.Bf4 Qb6 19.Rad1 Rec8 20.Nb3 a5 21.g4 a4 22.Nbd4 
fxg4 23.Nh2 Nxd4 24.cxd4 Nh7 25.Qxg4 Ng5 26.Nf3 Nxf3+ 27.Qxf3 Rf8 28.Qg3 
Rxf4 29.Qxf4 Rf8 30.Qe3 Bg5 31.Qe2 Qd8 32.Kg2 Bh4 33.Rf1 Rf4 34.Kh1 Be8 
35.Qe3 Bg5 36.Qh3 Rh4 37.Qxh4 Bxh4 0-1

[Event "37th World U20 ch"]
[Site "Kozhikode IND"]
[Date "1998.11.17"]
[Round "1.10"]
[White "Mirzoev, Azer"]
[Black "Chokshi, Manthan"]
[Result "1-0"]
[WhiteElo "2445"]
[BlackElo "2220"]
[EventDate "1998.11.17"]
[PlyCount "59"]

1.d4 Nf6 2.c4 e5 3.dxe5 Ng4 4.Bf4 Nc6 5.Nf3 Bb4+ 6.Nc3 Qe7 7.Qd5 Bxc3+ 8.
bxc3 Qa3 9.Rc1 f6 10.exf6 Nxf6 11.Qd1 Qxa2 12.Bxc7 Qxc4 13.e3 Qe6 14.Qd6 
Ne4 15.Qxe6+ dxe6 16.Bd3 Nc5 17.Bc4 b6 18.Bb5 Bd7 19.O-O Rc8 20.Bd6 Na5 
21.Be2 Ne4 22.Bb4 Nb3 23.Rc2 a5 24.Ba3 Rxc3 25.Rxc3 Nxc3 26.Bc4 Nc5 27.Rc1
N3e4 28.Ne5 Ke7 29.Rb1 Nf6 30.Bb2 1-0

[Event "37th World U20 ch"]
[Site "Kozhikode IND"]
[Date "1998.11.17"]
[Round "1.11"]
[White "Medak, Bojan"]
[Black "Sadvakasov, Darmen"]
[Result "0-1"]
[WhiteElo "2220"]
[BlackElo "2440"]
[EventDate "1998.11.17"]
[PlyCount "43"]

1.e4 c5 2.c3 e6 3.d4 d5 4.exd5 exd5 5.Be3 c4 6.b3 cxb3 7.axb3 Bd6 8.g3 Ne7
9.Bg2 Nbc6 10.Ne2 Bf5 11.O-O Qd7 12.c4 Bh3 13.Nbc3 Bxg2 14.Kxg2 O-O 15.c5 
Bc7 16.Bf4 Ba5 17.Qd3 Rfe8 18.Rfd1 Nf5 19.Ra4 a6 20.Rda1 Bxc3 21.Nxc3 Rad8
22.Rd1 0-1

[Event "37th World U20 ch"]
[Site "Kozhikode IND"]
[Date "1998.11.17"]
[Round "1.12"]
[White "Halkias, Stelios"]
[Black "Dovramadiev, Tikhomir"]
[Result "1-0"]
[WhiteElo "2435"]
[BlackElo "2210"]
[EventDate "1998.11.17"]
[PlyCount "35"]

1.d4 Nf6 2.c4 g6 3.Nc3 d5 4.cxd5 Nxd5 5.e4 Nxc3 6.bxc3 Bg7 7.Nf3 c5 8.Rb1 
O-O 9.Be2 Nc6 10.d5 Bxc3+ 11.Bd2 Bxd2+ 12.Qxd2 Nb8 13.h4 f6 14.h5 g5 15.
Nxg5 fxg5 16.Qxg5+ Kf7 17.h6 Ke8 18.O-O 1-0

[Event "37th World U20 ch"]
[Site "Kozhikode IND"]
[Date "1998.11.17"]
[Round "1.13"]
[White "Leskiewicz, Maksymilian"]
[Black "Kalod, Radek"]
[Result "0-1"]
[WhiteElo "2210"]
[BlackElo "2435"]
[EventDate "1998.11.17"]
[PlyCount "56"]

1.d4 Nf6 2.c4 g6 3.Nc3 d5 4.cxd5 Nxd5 5.e4 Nxc3 6.bxc3 Bg7 7.Bb5+ c6 8.Ba4
b5 9.Bb3 b4 10.Qf3 O-O 11.Ne2 a5 12.Bd2 e5 13.d5 Ba6 14.cxb4 a4 15.Bc2 
cxd5 16.Nc3 Nc6 17.Nxa4 Nd4 18.Qc3 dxe4 19.Bxe4 Rc8 20.Nc5 f5 21.Bd3 Bxd3 
22.Qxd3 Qd5 23.O-O e4 24.Qa6 Rc6 25.Qa4 Ne2+ 26.Kh1 Bxa1 27.Rxa1 Rxc5 28.
bxc5 Qxd2 0-1

[Event "37th World U20 ch"]
[Site "Kozhikode IND"]
[Date "1998.11.17"]
[Round "1.15"]
[White "Sutkovic, Damir"]
[Black "Dervishi, Erald"]
[Result "1-0"]
[WhiteElo "2205"]
[BlackElo "2430"]
[EventDate "1998.11.17"]
[PlyCount "75"]

1.Nf3 Nf6 2.g3 e6 3.Bg2 d5 4.c4 Be7 5.O-O O-O 6.b3 c5 7.cxd5 exd5 8.d4 b6 
9.Nc3 Bb7 10.Ba3 Nbd7 11.Rc1 Rc8 12.Ne5 Re8 13.Nxd7 Qxd7 14.dxc5 Bxc5 15.
Bxc5 bxc5 16.Na4 Qd6 17.Re1 Ne4 18.e3 f5 19.Re2 Rc7 20.Rec2 Rec8 21.Nc3 
Re7 22.Nxe4 fxe4 23.b4 c4 24.Rxc4 Rec7 25.Rxc7 Rxc7 26.Rxc7 Qxc7 27.Bh3 
Qc6 28.a4 h6 29.b5 Qd6 30.a5 Qc5 31.a6 Ba8 32.Bf1 Kf8 33.Qa1 Qc7 34.Qd4 
Ke8 35.Be2 Kd8 36.Bg4 Qe7 37.h4 Qc7 38.Be6 1-0

[Event "37th World U20 ch"]
[Site "Kozhikode IND"]
[Date "1998.11.17"]
[Round "1.17"]
[White "Belmonte, Diego Mariano"]
[Black "Jenni, Florian"]
[Result "0-1"]
[WhiteElo "2200"]
[BlackElo "2430"]
[EventDate "1998.11.17"]
[PlyCount "104"]

1.d4 Nf6 2.c4 g6 3.Nc3 Bg7 4.Nf3 d6 5.g3 O-O 6.Bg2 Nc6 7.d5 Na5 8.Nd2 c5 
9.Qc2 a6 10.O-O Rb8 11.b3 b5 12.Rb1 bxc4 13.bxc4 Rxb1 14.Ncxb1 Bd7 15.Bb2 
Qb6 16.Nc3 Bh6 17.f4 Ng4 18.Nd1 Rb8 19.h3 Nf6 20.Bc3 Bg7 21.Nf2 Qc7 22.Nd3
Nh5 23.Bxg7 Nxg7 24.e4 e6 25.g4 exd5 26.exd5 f5 27.Bf3 Re8 28.Kf2 fxg4 29.
hxg4 Qd8 30.g5 Bf5 31.Qc3 h6 32.Re1 hxg5 33.Ne4 Bxe4 34.Rxe4 Rxe4 35.Bxe4 
gxf4 36.Nxf4 Qh4+ 37.Kf3 g5 38.Ne2 Qh3+ 39.Ng3 Nh5 40.Qe1 Qxg3+ 41.Qxg3 
Nxg3 42.Kxg3 Kg7 43.Bd3 Kf6 44.Kf3 Ke5 45.Ke3 g4 46.Bf1 g3 47.Kd3 Kf4 48.
Bg2 Nxc4 49.Kxc4 Ke3 50.Bh3 Kf2 51.Kd3 g2 52.Bxg2 Kxg2 0-1

[Event "37th World U20 ch"]
[Site "Kozhikode IND"]
[Date "1998.11.17"]
[Round "1.19"]
[White "Beenish, Bhatia"]
[Black "Salmensuu, Olli"]
[Result "0-1"]
[WhiteElo "2190"]
[BlackElo "2420"]
[EventDate "1998.11.17"]
[PlyCount "133"]

1.e4 c5 2.Nf3 d6 3.d4 cxd4 4.Nxd4 Nf6 5.Nc3 g6 6.Be3 Bg7 7.f3 O-O 8.Bc4 
Nc6 9.Qd2 Bd7 10.O-O-O Qa5 11.h4 Rfc8 12.Bb3 Ne5 13.h5 Nxh5 14.g4 Nf6 15.
Bh6 Bxh6 16.Rxh6 Rxc3 17.Qxc3 Qxc3 18.bxc3 Kg7 19.Rh2 Rc8 20.Kb2 a5 21.a3 
Rc5 22.Rf2 g5 23.Ba2 Kg6 24.Nb3 Nc4+ 25.Kc1 Rc8 26.Rd4 a4 27.Nd2 Nxa3 28.
c4 b5 29.Kb2 b4 30.Nf1 Be6 31.Ne3 Nd7 32.c3 b3 33.Kxa3 bxa2 34.Rxa2 Ne5 
35.Rf2 Nxc4+ 36.Nxc4 Bxc4 37.Kxa4 Be6 38.Kb4 Rb8+ 39.Ka4 Rb3 40.Rc2 Rb1 
41.c4 Kf6 42.Rd3 Ke5 43.c5 dxc5 44.Rxc5+ Kf4 45.Rc7 Rf1 46.Rcc3 Rb1 47.Rc7
Rh1 48.Kb4 Rh3 49.Rcc3 h5 50.gxh5 Rxh5 51.Rc7 Rh3 52.Rcc3 Rh1 53.Kc5 Re1 
54.Rd4 Ra1 55.Kc6 Ra8 56.Kb7 Re8 57.Ra3 Bh3 58.Kc7 e5 59.Rd8 Re7+ 60.Kd6 
Re6+ 61.Kc7 Rh6 62.Rf8 Be6 63.Kd6 Rh3 64.Ra5 Rxf3 65.Rxe5 Rd3+ 66.Rd5 Re3 
67.Re5 0-1

[Event "37th World U20 ch"]
[Site "Kozhikode IND"]
[Date "1998.11.17"]
[Round "1.20"]
[White "Fedorchuk, Sergei"]
[Black "Kosmac, Blazimir"]
[Result "1-0"]
[WhiteElo "2415"]
[BlackElo "2175"]
[EventDate "1998.11.17"]
[PlyCount "61"]

1.e4 c5 2.Nf3 e6 3.d4 cxd4 4.Nxd4 Nc6 5.Nb5 d6 6.c4 Nf6 7.N1c3 a6 8.Na3 b6
9.Be2 Bb7 10.O-O Nb8 11.Qd4 Nbd7 12.Nc2 Be7 13.Kh1 O-O 14.f3 Rc8 15.Be3 d5
16.cxd5 exd5 17.e5 Bc5 18.Qf4 Nxe5 19.Qxe5 Re8 20.Qf4 Bxe3 21.Nxe3 d4 22.
Rad1 Rxe3 23.Rxd4 Qe7 24.Bc4 b5 25.Bb3 Re1 26.Kg1 b4 27.Ne4 Rxf1+ 28.Kxf1 
Nxe4 29.fxe4 a5 30.h3 g6 31.Kg1 1-0

[Event "37th World U20 ch"]
[Site "Kozhikode IND"]
[Date "1998.11.17"]
[Round "1.21"]
[White "De Wachter, Matthias"]
[Black "Herraiz Hidalgo, Herminio"]
[Result "1/2-1/2"]
[WhiteElo "2170"]
[BlackElo "2405"]
[EventDate "1998.11.17"]
[PlyCount "29"]

1.d4 Nf6 2.c4 g6 3.Nc3 Bg7 4.e4 d6 5.Nf3 O-O 6.Be2 Bg4 7.Ng1 Bc8 8.Nf3 c6 
9.h3 a6 10.Bg5 h6 11.Be3 b5 12.a3 bxc4 13.Bxc4 d5 14.Bd3 dxe4 15.Bxe4 
1/2-1/2

[Event "37th World U20 ch"]
[Site "Kozhikode IND"]
[Date "1998.11.17"]
[Round "1.22"]
[White "Neelotpal, Das"]
[Black "Ramu, K."]
[Result "1-0"]
[WhiteElo "2405"]
[BlackElo "2125"]
[EventDate "1998.11.17"]
[PlyCount "97"]

1.e4 c5 2.Nf3 e6 3.d4 cxd4 4.Nxd4 a6 5.Bd3 d6 6.c4 Nf6 7.O-O Be7 8.Nc3 Qc7
9.Be3 Nbd7 10.Rc1 b6 11.f3 Bb7 12.Qd2 Ne5 13.Be2 O-O 14.Rfd1 Rfd8 15.Kh1 
Rac8 16.Qe1 Qb8 17.b3 Ba8 18.Bf1 Qb7 19.Bg1 Ng6 20.Na4 Bf8 21.b4 Nd7 22.a3
Rc7 23.Rc2 Rdc8 24.Rdc1 Nge5 25.Qe2 g6 26.Nb3 h5 27.Be3 Be7 28.Qf2 Rb8 29.
h3 h4 30.f4 Nc6 31.Be2 Rcc8 32.Nc3 Nf6 33.Bf3 Nh5 34.Bxh5 gxh5 35.Qe2 Bd8 
36.Qxh5 Qe7 37.Nd4 Qf6 38.Rd1 Qg7 39.Rcd2 Ne7 40.Qe2 Ng6 41.b5 a5 42.Rf1 
Bf6 43.f5 exf5 44.Ne6 fxe6 45.exf5 Re8 46.Qg4 Qe7 47.Rdf2 Rf8 48.Qxg6+ Qg7
49.Rf4 1-0

[Event "37th World U20 ch"]
[Site "Kozhikode IND"]
[Date "1998.11.17"]
[Round "1.23"]
[White "Uberoi, Arjun"]
[Black "Houska, Miroslav"]
[Result "0-1"]
[WhiteElo "2070"]
[BlackElo "2375"]
[EventDate "1998.11.17"]
[PlyCount "59"]

1.d4 Nf6 2.Nf3 c5 3.dxc5 e6 4.c4 Bxc5 5.Nc3 Nc6 6.e3 d5 7.Be2 O-O 8.O-O b6
9.b3 Bb7 10.Bb2 Qe7 11.cxd5 Rad8 12.Rc1 exd5 13.Nb5 Ne4 14.Nbd4 Nxd4 15.
Nxd4 Qg5 16.Nf3 Qh6 17.Bd4 Bd6 18.Be5 Bc5 19.Bd4 Rfe8 20.Bb5 Re6 21.Bxc5 
bxc5 22.Bd3 Qf6 23.Qc2 d4 24.exd4 cxd4 25.Qc7 Ba8 26.Qxa7 Ng5 27.Nxd4 Red6
28.Bxh7+ Kxh7 29.Nb5 Nh3+ 30.Kh1 0-1

[Event "37th World U20 ch"]
[Site "Kozhikode IND"]
[Date "1998.11.17"]
[Round "1.24"]
[White "Al-Rakib, Abdullah"]
[Black "Hansen, Torbjorn Ringdal"]
[Result "1-0"]
[WhiteElo "2350"]
[BlackElo "2060"]
[EventDate "1998.11.17"]
[PlyCount "59"]

1.d4 Nf6 2.Nf3 e6 3.c4 Bb4+ 4.Nbd2 b6 5.g3 Bb7 6.Bg2 O-O 7.O-O Bxd2 8.Qxd2
d6 9.b3 Nbd7 10.Bb2 Qe7 11.Ne1 Bxg2 12.Nxg2 Rfe8 13.Rad1 d5 14.Ne3 Rac8 
15.Rc1 c6 16.Rc2 Nb8 17.cxd5 Nxd5 18.Nc4 Nb4 19.Ba3 c5 20.Bxb4 cxb4 21.
Rfc1 Nd7 22.Ne3 Rxc2 23.Qxc2 e5 24.d5 Nc5 25.Qc4 a5 26.Qb5 Rb8 27.Nc4 Qd7 
28.Qc6 Qxc6 29.dxc6 f6 30.Nd6 1-0

[Event "37th World U20 ch"]
[Site "Kozhikode IND"]
[Date "1998.11.17"]
[Round "1.25"]
[White "De Silva, Nirosh"]
[Black "Turzo, Attila"]
[Result "0-1"]
[WhiteElo "2025"]
[BlackElo "2345"]
[EventDate "1998.11.17"]
[PlyCount "62"]

1.e4 c5 2.Nf3 Nc6 3.d4 cxd4 4.Nxd4 Nf6 5.Nc3 d6 6.Bc4 e6 7.Bb3 a6 8.O-O 
Na5 9.Kh1 b5 10.f4 Bb7 11.e5 Nxb3 12.axb3 dxe5 13.fxe5 Nd7 14.Qe2 Bc5 15.
Nf3 Be7 16.Bd2 Qc7 17.Rae1 O-O 18.Ng5 h6 19.Nxf7 Rxf7 20.Rxf7 Kxf7 21.Qh5+
Kg8 22.Bxh6 Bf8 23.Qg6 Nxe5 24.Qxe6+ Nf7 25.Be3 b4 26.Nd5 Bxd5 27.Qxd5 Re8
28.Qd2 Qd6 29.c4 Qxd2 30.Bxd2 Rxe1+ 31.Bxe1 Ne5 0-1

[Event "37th World U20 ch"]
[Site "Kozhikode IND"]
[Date "1998.11.17"]
[Round "1.26"]
[White "Janssen, Ruud"]
[Black "Menon, R. Praveen"]
[Result "1-0"]
[WhiteElo "2345"]
[BlackElo "2005"]
[EventDate "1998.11.17"]
[PlyCount "44"]

1.Nf3 d5 2.c4 e6 3.g3 g6 4.Bg2 Bg7 5.O-O Ne7 6.d4 O-O 7.Qc2 b6 8.Re1 Bb7 
9.cxd5 exd5 10.Bf4 c6 11.Nc3 Na6 12.Rac1 Nc7 13.Qd2 Re8 14.e4 dxe4 15.Nxe4
Nf5 16.Ne5 c5 17.Nxf7 Qxd4 18.Nfd6 Rxe4 19.Nxe4 Qxd2 20.Bxd2 Ne6 21.Nf6+ 
Bxf6 22.Bxb7 Rd8 1-0

[Event "37th World U20 ch"]
[Site "Kozhikode IND"]
[Date "1998.11.18"]
[Round "2.2"]
[White "Turzo, Attila"]
[Black "Zhang Zhong"]
[Result "0-1"]
[WhiteElo "2345"]
[BlackElo "2510"]
[EventDate "1998.11.17"]
[PlyCount "54"]

1.e4 e5 2.Nf3 Nc6 3.d4 exd4 4.Nxd4 Nf6 5.Nxc6 bxc6 6.Nc3 Bb4 7.Bd3 d5 8.
exd5 cxd5 9.O-O O-O 10.Bg5 c6 11.Na4 Re8 12.c3 Bd6 13.Qf3 Be6 14.Rfe1 c5 
15.Bb5 Rf8 16.Bd3 h6 17.Bxf6 Qxf6 18.Qxf6 gxf6 19.b3 c4 20.Be2 Rab8 21.
bxc4 dxc4 22.Rab1 Ba3 23.Kf1 Bd7 24.Rxb8 Rxb8 25.Bd1 Rb5 26.Re2 Rb1 27.Re1
Ra1 0-1

[Event "37th World U20 ch"]
[Site "Kozhikode IND"]
[Date "1998.11.18"]
[Round "2.3"]
[White "Goldenberg, Danny"]
[Black "Banikas, Hristos"]
[Result "0-1"]
[WhiteElo "2325"]
[BlackElo "2490"]
[EventDate "1998.11.17"]
[PlyCount "86"]

1.d4 Nf6 2.Nc3 d5 3.Bg5 c5 4.Bxf6 gxf6 5.e3 cxd4 6.exd4 h5 7.Qf3 e6 8.
O-O-O Nc6 9.h3 h4 10.g4 hxg3 11.fxg3 f5 12.h4 Bd7 13.Nh3 Qb6 14.Bb5 O-O-O 
15.Bxc6 Bh6+ 16.Kb1 Bxc6 17.Rhe1 Qc7 18.Nf2 Rdg8 19.Rd3 Bf8 20.Nh3 Rg4 21.
a4 a6 22.b3 Rhg8 23.Ne2 Bb4 24.c3 Be7 25.Re3 Qb6 26.Kc2 Kb8 27.Nf2 R4g7 
28.Nd3 Rc8 29.Rb1 Be8 30.Ndf4 Qd6 31.Ra1 Rg4 32.Nd3 Bf6 33.Nf2 Rxd4 34.
Nxd4 Bxd4 35.Rd3 Bg7 36.Kd2 Bc6 37.Qf4 Be5 38.Qg5 f6 39.Qg7 d4 40.Ke1 Be4 
41.Rdd1 Bxg3 42.Rxd4 Qf4 43.Ra2 Rxc3 0-1

[Event "37th World U20 ch"]
[Site "Kozhikode IND"]
[Date "1998.11.18"]
[Round "2.4"]
[White "Khamrakulov, Ibragim"]
[Black "Socko, Bartosz"]
[Result "0-1"]
[WhiteElo "2315"]
[BlackElo "2475"]
[EventDate "1998.11.17"]
[PlyCount "54"]

1.e4 e5 2.Nf3 Nc6 3.d4 exd4 4.Nxd4 Bc5 5.Nb3 Bb6 6.Nc3 Qf6 7.Qe2 Nge7 8.a4
a6 9.Nd5 Nxd5 10.exd5+ Ne7 11.a5 Ba7 12.h4 h6 13.g4 c6 14.g5 Qd6 15.gxh6 
gxh6 16.Ra4 cxd5 17.Nd4 Qf6 18.c3 d6 19.Be3 Rg8 20.Qd2 Rg4 21.Bxh6 Bd7 22.
Rb4 Bc5 23.Rxb7 Bxd4 24.cxd4 Rxd4 25.Bg5 Qe5+ 26.Qe2 Re4 27.Be3 d4 0-1

[Event "37th World U20 ch"]
[Site "Kozhikode IND"]
[Date "1998.11.18"]
[Round "2.5"]
[White "Sasikiran, Krishnan"]
[Black "Janssen, Ruud"]
[Result "0-1"]
[WhiteElo "2470"]
[BlackElo "2345"]
[EventDate "1998.11.17"]
[PlyCount "62"]

1.d4 Nf6 2.c4 e6 3.Nc3 Bb4 4.Bg5 c5 5.d5 d6 6.e3 Bxc3+ 7.bxc3 Qe7 8.Nf3 h6
9.Bh4 e5 10.Nd2 g5 11.Bg3 Bf5 12.f3 e4 13.h4 Rg8 14.hxg5 hxg5 15.fxe4 Bxe4
16.Qa4+ Nbd7 17.O-O-O Kf8 18.Re1 Ne5 19.Be2 Bxg2 20.Rh2 Be4 21.Qd1 Bg6 22.
Rf2 a6 23.Ref1 Nfd7 24.Kb2 b5 25.Ka1 Rh8 26.cxb5 axb5 27.Bxb5 Kg7 28.Bxd7 
Nxd7 29.Nc4 Ra6 30.Qg4 Rha8 31.Bxd6 Qf6 0-1

[Event "37th World U20 ch"]
[Site "Kozhikode IND"]
[Date "1998.11.18"]
[Round "2.6"]
[White "Fressinet, Laurent"]
[Black "Williams, Simon"]
[Result "0-1"]
[WhiteElo "2455"]
[BlackElo "2335"]
[EventDate "1998.11.17"]
[PlyCount "70"]

1.d4 e6 2.Nf3 f5 3.g3 Nf6 4.Bg2 d5 5.c4 c6 6.Qc2 Bd6 7.O-O O-O 8.b3 Qe7 9.
Ne5 Nbd7 10.Bb2 a5 11.Nd2 Ne4 12.Ndf3 a4 13.Nd3 a3 14.Bc1 g5 15.Nfe5 Qg7 
16.f4 c5 17.Be3 gxf4 18.gxf4 Kh8 19.Kh1 b6 20.cxd5 exd5 21.Rf3 Ndf6 22.
dxc5 Rg8 23.Rg1 bxc5 24.Nxc5 Bxe5 25.fxe5 Ng4 26.Bd4 Rb8 27.Nd3 Be6 28.Nf4
Qh6 29.h3 Qxf4 30.hxg4 Ng3+ 31.Rxg3 Qxg3 32.Qc3 Qh4+ 33.Qh3 Rxg4 34.e3 
Rbg8 35.Kh2 f4 0-1

[Event "37th World U20 ch"]
[Site "Kozhikode IND"]
[Date "1998.11.18"]
[Round "2.8"]
[White "Sadvakasov, Darmen"]
[Black "Aliev, Rasim"]
[Result "1-0"]
[WhiteElo "2440"]
[BlackElo "2295"]
[EventDate "1998.11.17"]
[PlyCount "26"]

1.e4 c6 2.c4 d5 3.exd5 cxd5 4.cxd5 Nf6 5.Nc3 g6 6.Bc4 Bg7 7.Nf3 O-O 8.O-O 
Nbd7 9.d3 Nb6 10.Qb3 Bf5 11.Re1 Rc8 12.Ne5 Re8 13.Bb5 a6 1-0

[Event "37th World U20 ch"]
[Site "Kozhikode IND"]
[Date "1998.11.18"]
[Round "2.9"]
[White "Laxman, Rajaram"]
[Black "Halkias, Stelios"]
[Result "0-1"]
[WhiteElo "2225"]
[BlackElo "2435"]
[EventDate "1998.11.17"]
[PlyCount "51"]

1.d4 Nf6 2.c4 e6 3.Nc3 Bb4 4.e3 c5 5.Bd3 Nc6 6.Nf3 Bxc3+ 7.bxc3 d6 8.Qc2 
Qc7 9.Rb1 O-O 10.O-O h6 11.Nd2 b6 12.f4 Re8 13.Ne4 Nxe4 14.Bxe4 Rb8 15.
Bh7+ Kh8 16.Bd3 Na5 17.d5 Ba6 18.Qe2 Qd7 19.f5 exf5 20.Bxf5 Qa4 21.Rf4 
Bxc4 22.Qh5 Re5 23.e4 Qc2 24.Qh3 Qxb1 25.Rf1 Bxf1 26.Bxh6 0-1

[Event "37th World U20 ch"]
[Site "Kozhikode IND"]
[Date "1998.11.18"]
[Round "2.10"]
[White "Kalod, Radek"]
[Black "Kidambi, Sundararajan"]
[Result "1/2-1/2"]
[WhiteElo "2435"]
[BlackElo "2285"]
[EventDate "1998.11.17"]
[PlyCount "65"]

1.e4 c5 2.Nf3 d6 3.d4 cxd4 4.Nxd4 Nf6 5.Nc3 e6 6.g4 h6 7.h3 Nc6 8.Be3 a6 
9.Bg2 Qc7 10.Qe2 Nxd4 11.Bxd4 e5 12.Be3 Be6 13.O-O-O Be7 14.Kb1 Rc8 15.Nd5
Bxd5 16.exd5 O-O 17.h4 Qc4 18.Bf3 Qxe2 19.Bxe2 Nh7 20.Rdg1 Rfe8 21.g5 hxg5
22.hxg5 g6 23.Rh4 Kg7 24.c3 Rh8 25.Kc2 f6 26.Rb4 Rc7 27.gxf6+ Nxf6 28.Bf3 
Rh3 29.Bg2 Rh2 30.Kd3 Kf7 31.f4 Rh8 32.Rh1 Rxh1 33.Bxh1 1/2-1/2

[Event "37th World U20 ch"]
[Site "Kozhikode IND"]
[Date "1998.11.18"]
[Round "2.11"]
[White "Satyapragyan, Swayangsu"]
[Black "Ippolito, Dean"]
[Result "0-1"]
[WhiteElo "2210"]
[BlackElo "2430"]
[EventDate "1998.11.17"]
[PlyCount "128"]

1.e4 c5 2.Nf3 e6 3.d4 cxd4 4.Nxd4 Nf6 5.Nc3 Nc6 6.Ndb5 d6 7.Bf4 e5 8.Bg5 
a6 9.Na3 b5 10.Bxf6 gxf6 11.Nd5 f5 12.exf5 Bxf5 13.c3 Bg7 14.Nc2 O-O 15.
Nce3 Be6 16.g3 f5 17.Bg2 Rb8 18.Qh5 b4 19.O-O bxc3 20.bxc3 Ne7 21.Rad1 Rb2
22.Nc4 Rb5 23.Nce3 Rb2 24.Nc4 Rb5 25.Nce3 e4 26.c4 Rb2 27.g4 Bf7 28.Qh3 
Nxd5 29.cxd5 fxg4 30.Qxg4 Bg6 31.Bxe4 Bxe4 32.Qxe4 Rxa2 33.Nf5 Qg5+ 34.Ng3
Be5 35.Rd3 Qg6 36.Rf3 Qxe4 37.Rxf8+ Kxf8 38.Nxe4 Re2 39.Nxd6 Bxd6 40.Ra1 
Rd2 41.Rxa6 Rxd5 42.h3 Kf7 43.Kg2 Rd3 44.Ra7+ Be7 45.Rb7 h6 46.Rb6 Bf6 47.
Rb4 Kg6 48.Rg4+ Kh5 49.Rf4 Bg5 50.Ra4 Rd5 51.Rg4 Be7 52.Rf4 Bd6 53.Rf6 
Rg5+ 54.Kh1 Be5 55.Rf7 Kg6 56.Rf8 Rh5 57.Kg2 Bf6 58.Rg8+ Kf5 59.Rg4 Ke6 
60.Re4+ Kd5 61.Rg4 Rf5 62.Rg6 h5 63.Rg3 Be5 64.Rg8 Bd4 0-1